LEADER 02667nam 2200625Ia 450 001 9910782826603321 005 20230721005358.0 010 $a1-315-61500-2 010 $a1-317-03733-2 010 $a1-317-03732-4 010 $a1-282-05408-2 010 $a9786612054082 010 $a0-7546-8171-8 035 $a(CKB)1000000000724366 035 $a(EBL)438607 035 $a(OCoLC)322495536 035 $a(SSID)ssj0000130036 035 $a(PQKBManifestationID)11137300 035 $a(PQKBTitleCode)TC0000130036 035 $a(PQKBWorkID)10081076 035 $a(PQKB)11513465 035 $a(Au-PeEL)EBL438607 035 $a(CaPaEBR)ebr10281376 035 $a(CaONFJC)MIL205408 035 $a(MiAaPQ)EBC438607 035 $a(EXLCZ)991000000000724366 100 $a20080929d2009 uy 0 101 0 $aeng 135 $aur|n|---||||| 181 $ctxt 182 $cc 183 $acr 200 14$aThe contract scorecard$b[electronic resource] $esuccessful outsourcing by design /$fby Sara Cullen 210 $aBurlington, VT $cAshgate Pub. Co. $cGower$d2009 215 $a1 online resource (267 p.) 300 $aDescription based upon print version of record. 311 $a0-566-08793-6 320 $aIncludes bibliographical references and index. 327 $aCover; Contents; List of Figures; List of Tables; Foreword; Preface; 1 Introduction; 2 The Quadrants of the Contract Scorecard; 3 The Steps in Developing KPIs; 4 Schemes for the Consequences of KPI Performance; 5 Planning the Contract Scorecard; 6 The Quality Specification - The Service Level Agreement (SLA); 7 The Financial Specification - The Financial Schedule; 8 The Relationship Specification - The Governance Charter; 9 The Strategic Specification - Unique Contract Schedules; 10 Conclusion; References; Index; About the Author 330 $aAn upfront investment in your contracts, from a commercial rather than legal perspective is probably the single most influential activity you can undertake; one that will ensure your outsourcing relationships have clear business goals as the focus of the deal. Reading a copy of Sara Cullen's The Contract Scorecard should be the first step in that investment. 606 $aContracting out 606 $aContracting out$xEvaluation 615 0$aContracting out. 615 0$aContracting out$xEvaluation. 676 $a658.4 676 $a658.4/058 676 $a658.4058 700 $aCullen$b Sara$01512684 801 0$bMiAaPQ 801 1$bMiAaPQ 801 2$bMiAaPQ 906 $aBOOK 912 $a9910782826603321 996 $aThe contract scorecard$93746742 997 $aUNINA LEADER 01333nam0 22002771i 450 001 UON00397467 005 20231205104641.343 100 $a20110922d1950 |0itac50 ba 101 $ager 102 $aDE 105 $a|||| 1|||| 200 1 $aˆDie ‰baltischen Sprachen$eIhre Beziehungen zu einander und zu den indogermanischen Schwesteridiomen als Einführung in die baltische Sprachwissenschaft$fErnst Fraenkel 210 $aHeidelberg$cCarl Winter Universitätsverlag$d1950 215 $a126 p.$d19 cm. 410 1$1001UON00088057$12001 $aIndogermanische Bibliothek. Dritte Reihe$eUntersuchungen$fhrsg. von Alfred Bammesberger 606 $aLINGUE BALTICHE$3UONC004755$2FI 620 $aDE$dHeidelberg$3UONL000174 676 $a491.9$cLINGUE BALTICHE$v21 700 1$aFraenkel$bErnst$3UONV087002$0328633 712 $aWinter Universitätsverlag$3UONV260404$4650 801 $aIT$bSOL$c20250704$gRICA 912 $aUON00397467 950 $aSIBA - SISTEMA BIBLIOTECARIO DI ATENEO$dSI FL 10 0018 $eSI GL 2025 5 0018 $sBuono 950 $aSIBA - SISTEMA BIBLIOTECARIO DI ATENEO$dSI FL 10 0009 $eSI EO 5214 5 0009 $sBuono 996 $aBaltischen Sprachen$91347694 997 $aUNIOR